000 00770nam a2200289Ia 4500
005 20260324115729.0
008 008 260324s9999 xx 000 0 eng d
020 _a9780429188817
037 _aEBOOK
040 _aCRL
040 _beng
040 _cCRL
041 _2eng
041 _aeng
084 _qCRL
100 _aVandana B. Patravale; John I. Disouza; Maharukh Rustomjee
_91155789
245 0 _aPharmaceutical Product Development
245 0 _bInsights Into Pharmaceutical Processes, Management and Regulatory Affairs
260 _bTaylor and Francis
260 _c2016
365 _a
365 _b385
856 _uhttp://www.taylorfrancis.com/books/9780429188817
942 _cEBOOK
999 _c1746879
_d1746879